00910nam a22002537a 450000500170000000800410001702000180005804000070007604100120008308200160009510000320011124500320014326000610017530000280023636500570026465000370032165000330035865000260039165000250041765000430044294200120048599900190049795201400051620260407094129.0260407b |||||||| |||| 00| 0 eng d q9789386827593 cAL aEnglish a511.5bPUNA aSudhir Kumar Pundir9260412 aApplied Discrete structures aNew DelhibCBS Publishers and Distributors Pvt Ltdc2019 axii,530p.bPBc24x17cm. aVBI-2645b₹412.50c₹d₹550.00e25%f20-02-2026 aMathematical Foundations9260385 aAlgebraic Structures9260386 aCombinatorics9260387 aGraph Theory9260388 aRecurrence and Discrete Models9260389 2ddccBK c241146d241146 00102ddc40708ISEaSEbSEd2026-03-06eVidyarthi Booksg412.50l0o511.5 PUNApSE000298r2026-04-07 09:26:55v550.00w2026-02-20yBK